000 00629nam a2200205 i 4500
001 113247
003 ES-MaACL
005 20251015063114.0
007 t|
008 061121s1972 sp a |||| | spa d
100 1 _aNimzowitsch, Arón,
_d1886-1935
_9165011
245 1 0 _aMi sistema
_b: nuevo método de enseñanza /
_cAaron Nimzowitch ; versión y revisión de Julio Ganzo.
250 _a4ª ed.
260 _aMadrid :
_bRicardo Aguilera,
_c1972.
300 _a302 p. :
_bil. ;
_c21 cm.
650 0 4 _aAjedrez.
_99707
700 1 _aGanzo, Julio.
_953894
852 _aES-MaACL
_jC-52077
999 _c113247
_d113247